Troubles du comportement alimentaire chez le nourrisson (notice n° 1586985)
[ vue normale ]
| 000 -LEADER | |
|---|---|
| fixed length control field | 01775cam a2200253 4500500 |
| 005 - DATE AND TIME OF LATEST TRANSACTION | |
| control field | 20251228060115.0 |
| 041 ## - LANGUAGE CODE | |
| Language code of text/sound track or separate title | fre |
| 042 ## - AUTHENTICATION CODE | |
| Authentication code | dc |
| 100 10 - MAIN ENTRY--PERSONAL NAME | |
| Personal name | Bocquet, Alain |
| Relator term | author |
| 245 00 - TITLE STATEMENT | |
| Title | Troubles du comportement alimentaire chez le nourrisson |
| 260 ## - PUBLICATION, DISTRIBUTION, ETC. | |
| Date of publication, distribution, etc. | 2005.<br/> |
| 500 ## - GENERAL NOTE | |
| General note | 55 |
| 520 ## - SUMMARY, ETC. | |
| Summary, etc. | Résumé La collaboration entre pédiatres et pédopsychiatre est nécessaire dans la prise en charge des troubles alimentaires chez le nourrisson pour comprendre – une fois l’étiologie organique explorée – ce qui a pu engendrer ou aggraver ces troubles. Plusieurs exemples viennent illustrer ce propos où l’observation attentive et croisée de la relation mère-enfant et du contexte familial et socio économique permet de comprendre certaines anorexies ou hypotrophies sans cause organique. |
| 520 ## - SUMMARY, ETC. | |
| Summary, etc. | When taking care of infant’s feeding disorders, collaboration between paediatricians and paedopsyachiatrists is necessary - once the organic aetiology has been analysed - to understand what may have caused or increased these dysfunctions. Many examples can illustrate this assessment demonstrating that an accurate observation of the mother- infant relationships and of the social as well as of the economic context may lead to the ability for understanding some anorexia or hypertrophies deprived of any organic root. |
| 690 ## - LOCAL SUBJECT ADDED ENTRY--TOPICAL TERM (OCLC, RLIN) | |
| Topical term or geographic name as entry element | comportement maternel |
| 690 ## - LOCAL SUBJECT ADDED ENTRY--TOPICAL TERM (OCLC, RLIN) | |
| Topical term or geographic name as entry element | nourrisson |
| 690 ## - LOCAL SUBJECT ADDED ENTRY--TOPICAL TERM (OCLC, RLIN) | |
| Topical term or geographic name as entry element | troubles alimentaires |
| 690 ## - LOCAL SUBJECT ADDED ENTRY--TOPICAL TERM (OCLC, RLIN) | |
| Topical term or geographic name as entry element | feeding disorder |
| 690 ## - LOCAL SUBJECT ADDED ENTRY--TOPICAL TERM (OCLC, RLIN) | |
| Topical term or geographic name as entry element | infants |
| 690 ## - LOCAL SUBJECT ADDED ENTRY--TOPICAL TERM (OCLC, RLIN) | |
| Topical term or geographic name as entry element | mother-infant relationship |
| 700 10 - ADDED ENTRY--PERSONAL NAME | |
| Personal name | Vidailhet, Michel |
| Relator term | author |
| 786 0# - DATA SOURCE ENTRY | |
| Note | Enfances & Psy | 30 | 1 | 2005-12-01 | p. 29-37 | 1286-5559 |
| 856 41 - ELECTRONIC LOCATION AND ACCESS | |
| Uniform Resource Identifier | <a href="https://shs.cairn.info/revue-enfances-et-psy-2006-1-page-29?lang=fr&redirect-ssocas=7080">https://shs.cairn.info/revue-enfances-et-psy-2006-1-page-29?lang=fr&redirect-ssocas=7080</a> |
Pas d'exemplaire disponible.




Réseaux sociaux